Algebra y trigonometría con geometría analítica /

Contenido: 1) Temas de álgebra; 2) Funciones y gráficas; 3) Funciones polinominales y racionales; 4) Funciones inversas, exponenciales y logarítmicas; 5) Funciones trigonométricas; 6) Trigonometría analítica; 7) Aplicaciones de trigonometría; 8) Sistemas de ecuaciones y desigualdades; 9) Sucesiones,...

وصف كامل

محفوظ في:
التفاصيل البيبلوغرافية
المؤلف الرئيسي: Swokowski, Earl W. (autor)
مؤلفون آخرون: Cole, Jeffery A. (autor) (autor), Carril Villarreal, Pilar (traducción) (traducción)
التنسيق: كتاب
اللغة:الإسبانية
منشور في: México : Cengage Learning, 2018, c2018
الموضوعات:
الوسوم: إضافة وسم
لا توجد وسوم, كن أول من يضع وسما على هذه التسجيلة!

MARC

LEADER 00000nam^a2200000^a^4500
001 000406179
005 20250521000000.0
009 20260310121851.696
020 |a 978-607-526-546-9 
037 |a Acervo ITESO - Biblioteca 
041 |a ESP 
082 |a 512. 14  |b SWO 
100 |a Swokowski, Earl W.  |e (autor) 
240 1 1 |a [Algebra y trigonometría con geometría analítica] 
245 1 0 |a Algebra y trigonometría con geometría analítica /  |c E.W. Swokowski, J.A. Cole ; tr. por P. Carril Villarreal. 
264 4 |a México :  |b Cengage Learning,  |c 2018, c2018 
300 |a XVII, 787, 8, 83, 11 p. 
336 |a texto  |b txt  |2 rdacontenido 
337 |a sin mediación  |b n  |2 rdamedio 
338 |a volumen  |b nc  |2 rdasoporte 
500 |a Traducción de: Precalculus: Functions and Graphs 
520 |a Contenido: 1) Temas de álgebra; 2) Funciones y gráficas; 3) Funciones polinominales y racionales; 4) Funciones inversas, exponenciales y logarítmicas; 5) Funciones trigonométricas; 6) Trigonometría analítica; 7) Aplicaciones de trigonometría; 8) Sistemas de ecuaciones y desigualdades; 9) Sucesiones, series y probabilidad; 10) Temas de geometría analítica. Apéndices. 
590 |a Traducción de la 12a edición en inglés 
649 |a XX 
650 |a Funciones (Matemáticas) 
650 |a Geometría Analítica -  |x Tema Principal 
650 |a Trigonometría -  |x Tema Principal 
650 |a Algebra -  |x Tema Principal 
650 |a Probabilidad 
650 |a Matemáticas 
700 |a Cole, Jeffery A.  |e (autor) 
700 |a Carril Villarreal, Pilar  |e (traducción) 
910 |a Fondo General 
920 |a Impresos - Libros 
930 |a Colección General 
905 |a 101 
901 |a 0500310705  |b IT1  |c ACC  |i D101977  |u 20250521 
902 |a https://opac.biblio.iteso.mx/vufind/Record/000406179